| 000 | 00695nam a2200193Ia 4500 | ||
|---|---|---|---|
| 003 | GCL | ||
| 008 | 140319s9999 xx 000 0 ara d | ||
| 040 |
_aGCL / _cGCL |
||
| 082 | 0 | 4 |
_aق _b932 _bن م |
| 100 | 1 | _aنبيلة محمد عبدالحليم | |
| 245 | 1 | 0 |
_aمصر القديمة : _bتاريخها وحضارتها / _cنبيلة محمد عبدالحليم |
| 260 |
_a[S.N] : _bد. ن ، _c1996 |
||
| 300 |
_a413 ص ؛ _c22 سم |
||
| 650 | 0 | 4 | _aمصر القديمة |
| 650 | 0 | 4 | _aالعمارة المصرية القديمة |
| 650 | 0 | 4 | _aالديانات المصرية القديمة |
| 650 | 0 | 4 | _aمصر القديمة - تاريخ - عصر الاسرات |
| 942 |
_2ddc _cBK |
||
| 999 |
_c44239 _d44239 |
||